<?xml version="1.0" encoding="UTF-8"?>
<record
    xmlns:xsi="http://www.w3.org/2001/XMLSchema-instance"
    xsi:schemaLocation="http://www.loc.gov/MARC21/slim http://www.loc.gov/standards/marcxml/schema/MARC21slim.xsd"
    xmlns="http://www.loc.gov/MARC21/slim">

  <leader>00644cam a2200217   4500</leader>
  <controlfield tag="005">20170302154214.0</controlfield>
  <controlfield tag="008">      s2001    mx a                spa  </controlfield>
  <datafield tag="020" ind1=" " ind2=" ">
    <subfield code="a">9687022817</subfield>
  </datafield>
  <datafield tag="050" ind1="0" ind2="0">
    <subfield code="a">RC681</subfield>
    <subfield code="b">S65 2001</subfield>
  </datafield>
  <datafield tag="100" ind1="1" ind2=" ">
    <subfield code="a">Sol&#xF3;rzano Mart&#xED;n, Carlos J.</subfield>
  </datafield>
  <datafield tag="245" ind1=" " ind2="0">
    <subfield code="a">Manual de cardiolog&#xED;a :</subfield>
    <subfield code="b">Gu&#xED;a cl&#xED;nica /</subfield>
    <subfield code="c">Carlos J. Sol&#xF3;rzano Mart&#xED;n.</subfield>
  </datafield>
  <datafield tag="250" ind1=" " ind2=" ">
    <subfield code="a">2a ed.</subfield>
  </datafield>
  <datafield tag="260" ind1=" " ind2=" ">
    <subfield code="a">M&#xE9;xico :</subfield>
    <subfield code="b">Cuellar,</subfield>
    <subfield code="c">2001</subfield>
  </datafield>
  <datafield tag="300" ind1=" " ind2=" ">
    <subfield code="a">268 p. ;</subfield>
    <subfield code="c">25 cm.</subfield>
  </datafield>
  <datafield tag="504" ind1=" " ind2=" ">
    <subfield code="a">Bibliograf&#xED;a: p. 247-268</subfield>
  </datafield>
  <datafield tag="506" ind1=" " ind2=" ">
    <subfield code="a">Rec. Propios. Escuela</subfield>
  </datafield>
  <datafield tag="506" ind1=" " ind2=" ">
    <subfield code="a">Revisado</subfield>
  </datafield>
  <datafield tag="650" ind1="1" ind2="0">
    <subfield code="a">Cardiolog&#xED;a</subfield>
    <subfield code="x">Manuales, etc.</subfield>
  </datafield>
  <datafield tag="650" ind1="2" ind2="0">
    <subfield code="a">Coraz&#xF3;n</subfield>
    <subfield code="x">Enfermedades</subfield>
  </datafield>
  <datafield tag="942" ind1=" " ind2=" ">
    <subfield code="2">lcc</subfield>
    <subfield code="c">LIB</subfield>
  </datafield>
  <datafield tag="999" ind1=" " ind2=" ">
    <subfield code="c">85253</subfield>
    <subfield code="d">85253</subfield>
  </datafield>
  <datafield tag="952" ind1=" " ind2=" ">
    <subfield code="1">0</subfield>
    <subfield code="2">lcc</subfield>
    <subfield code="4">0</subfield>
    <subfield code="7">1</subfield>
    <subfield code="a">LIC-010</subfield>
    <subfield code="b">LIC-010</subfield>
    <subfield code="c">CONSULTA</subfield>
    <subfield code="d">2017-03-01</subfield>
    <subfield code="f">2a ed.</subfield>
    <subfield code="k">CS</subfield>
    <subfield code="o">RC681 S65 2001</subfield>
    <subfield code="p">BFM000008182</subfield>
    <subfield code="r">2017-03-01 00:00:00</subfield>
    <subfield code="t">1</subfield>
    <subfield code="y">LIB</subfield>
  </datafield>
  <datafield tag="952" ind1=" " ind2=" ">
    <subfield code="1">0</subfield>
    <subfield code="2">lcc</subfield>
    <subfield code="4">0</subfield>
    <subfield code="7">1</subfield>
    <subfield code="a">LIC-010</subfield>
    <subfield code="b">LIC-010</subfield>
    <subfield code="c">CONSULTA</subfield>
    <subfield code="d">2017-03-01</subfield>
    <subfield code="f">2a ed.</subfield>
    <subfield code="k">CS</subfield>
    <subfield code="o">RC681 S65 2001</subfield>
    <subfield code="p">BFM000008183</subfield>
    <subfield code="r">2017-03-01 00:00:00</subfield>
    <subfield code="t">2</subfield>
    <subfield code="y">LIB</subfield>
  </datafield>
  <datafield tag="952" ind1=" " ind2=" ">
    <subfield code="1">0</subfield>
    <subfield code="2">lcc</subfield>
    <subfield code="4">0</subfield>
    <subfield code="7">1</subfield>
    <subfield code="a">LIC-010</subfield>
    <subfield code="b">LIC-010</subfield>
    <subfield code="c">CONSULTA</subfield>
    <subfield code="d">2017-03-01</subfield>
    <subfield code="f">2a ed.</subfield>
    <subfield code="k">CS</subfield>
    <subfield code="o">RC681 S65 2001</subfield>
    <subfield code="p">BFM000008184</subfield>
    <subfield code="r">2017-03-01 00:00:00</subfield>
    <subfield code="t">3</subfield>
    <subfield code="y">LIB</subfield>
  </datafield>
  <datafield tag="952" ind1=" " ind2=" ">
    <subfield code="1">0</subfield>
    <subfield code="2">lcc</subfield>
    <subfield code="4">0</subfield>
    <subfield code="7">1</subfield>
    <subfield code="a">LIC-010</subfield>
    <subfield code="b">LIC-010</subfield>
    <subfield code="c">CONSULTA</subfield>
    <subfield code="d">2017-03-01</subfield>
    <subfield code="f">2a ed.</subfield>
    <subfield code="k">CS</subfield>
    <subfield code="o">RC681 S65 2001</subfield>
    <subfield code="p">BFM000008185</subfield>
    <subfield code="r">2017-03-01 00:00:00</subfield>
    <subfield code="t">4</subfield>
    <subfield code="y">LIB</subfield>
  </datafield>
  <datafield tag="952" ind1=" " ind2=" ">
    <subfield code="1">0</subfield>
    <subfield code="2">lcc</subfield>
    <subfield code="4">0</subfield>
    <subfield code="7">1</subfield>
    <subfield code="a">LIC-010</subfield>
    <subfield code="b">LIC-010</subfield>
    <subfield code="c">CONSULTA</subfield>
    <subfield code="d">2017-03-01</subfield>
    <subfield code="f">2a ed.</subfield>
    <subfield code="k">CS</subfield>
    <subfield code="o">RC681 S65 2001</subfield>
    <subfield code="p">BFM000008186</subfield>
    <subfield code="r">2017-03-01 00:00:00</subfield>
    <subfield code="t">5</subfield>
    <subfield code="y">LIB</subfield>
  </datafield>
  <datafield tag="952" ind1=" " ind2=" ">
    <subfield code="1">0</subfield>
    <subfield code="2">lcc</subfield>
    <subfield code="4">0</subfield>
    <subfield code="7">1</subfield>
    <subfield code="a">LIC-010</subfield>
    <subfield code="b">LIC-010</subfield>
    <subfield code="c">CONSULTA</subfield>
    <subfield code="d">2017-03-01</subfield>
    <subfield code="f">2a ed.</subfield>
    <subfield code="k">CS</subfield>
    <subfield code="o">RC681 S65 2001</subfield>
    <subfield code="p">BFM000008187</subfield>
    <subfield code="r">2017-03-01 00:00:00</subfield>
    <subfield code="t">6</subfield>
    <subfield code="y">LIB</subfield>
  </datafield>
  <datafield tag="952" ind1=" " ind2=" ">
    <subfield code="1">0</subfield>
    <subfield code="2">lcc</subfield>
    <subfield code="4">0</subfield>
    <subfield code="7">1</subfield>
    <subfield code="a">LIC-010</subfield>
    <subfield code="b">LIC-010</subfield>
    <subfield code="c">CONSULTA</subfield>
    <subfield code="d">2017-03-02</subfield>
    <subfield code="f">2a ed.</subfield>
    <subfield code="k">CS</subfield>
    <subfield code="o">RC681 S65 2001</subfield>
    <subfield code="p">BFM000008188</subfield>
    <subfield code="r">2017-03-02 00:00:00</subfield>
    <subfield code="t">7</subfield>
    <subfield code="y">LIB</subfield>
  </datafield>
  <datafield tag="952" ind1=" " ind2=" ">
    <subfield code="1">0</subfield>
    <subfield code="2">lcc</subfield>
    <subfield code="4">0</subfield>
    <subfield code="7">1</subfield>
    <subfield code="a">LIC-010</subfield>
    <subfield code="b">LIC-010</subfield>
    <subfield code="c">CONSULTA</subfield>
    <subfield code="d">2017-03-02</subfield>
    <subfield code="f">2a ed.</subfield>
    <subfield code="k">CS</subfield>
    <subfield code="o">RC681 S65 2001</subfield>
    <subfield code="p">BFM000008189</subfield>
    <subfield code="r">2017-03-02 00:00:00</subfield>
    <subfield code="t">8</subfield>
    <subfield code="y">LIB</subfield>
  </datafield>
  <datafield tag="952" ind1=" " ind2=" ">
    <subfield code="1">0</subfield>
    <subfield code="2">lcc</subfield>
    <subfield code="4">0</subfield>
    <subfield code="7">1</subfield>
    <subfield code="a">LIC-010</subfield>
    <subfield code="b">LIC-010</subfield>
    <subfield code="c">CONSULTA</subfield>
    <subfield code="d">2017-03-02</subfield>
    <subfield code="f">2a ed.</subfield>
    <subfield code="k">CS</subfield>
    <subfield code="o">RC681 S65 2001</subfield>
    <subfield code="p">BFM000008190</subfield>
    <subfield code="r">2017-03-02 00:00:00</subfield>
    <subfield code="t">9</subfield>
    <subfield code="y">LIB</subfield>
  </datafield>
  <datafield tag="952" ind1=" " ind2=" ">
    <subfield code="1">0</subfield>
    <subfield code="2">lcc</subfield>
    <subfield code="4">0</subfield>
    <subfield code="7">1</subfield>
    <subfield code="a">LIC-010</subfield>
    <subfield code="b">LIC-010</subfield>
    <subfield code="c">CONSULTA</subfield>
    <subfield code="d">2017-03-02</subfield>
    <subfield code="f">2a ed.</subfield>
    <subfield code="k">CS</subfield>
    <subfield code="o">RC681 S65 2001</subfield>
    <subfield code="p">BFM000008191</subfield>
    <subfield code="r">2017-03-02 00:00:00</subfield>
    <subfield code="t">10</subfield>
    <subfield code="y">LIB</subfield>
  </datafield>
  <datafield tag="952" ind1=" " ind2=" ">
    <subfield code="1">0</subfield>
    <subfield code="2">lcc</subfield>
    <subfield code="4">0</subfield>
    <subfield code="7">1</subfield>
    <subfield code="a">LIC-010</subfield>
    <subfield code="b">LIC-010</subfield>
    <subfield code="c">CONSULTA</subfield>
    <subfield code="d">2017-03-02</subfield>
    <subfield code="f">2a ed.</subfield>
    <subfield code="k">CS</subfield>
    <subfield code="o">RC681 S65 2001</subfield>
    <subfield code="p">BFM000008192</subfield>
    <subfield code="r">2017-03-02 00:00:00</subfield>
    <subfield code="t">11</subfield>
    <subfield code="y">LIB</subfield>
  </datafield>
  <datafield tag="952" ind1=" " ind2=" ">
    <subfield code="1">0</subfield>
    <subfield code="2">lcc</subfield>
    <subfield code="4">0</subfield>
    <subfield code="7">1</subfield>
    <subfield code="a">LIC-010</subfield>
    <subfield code="b">LIC-010</subfield>
    <subfield code="c">CONSULTA</subfield>
    <subfield code="d">2017-03-02</subfield>
    <subfield code="f">2a ed.</subfield>
    <subfield code="k">CS</subfield>
    <subfield code="o">RC681 S65 2001</subfield>
    <subfield code="p">BFM000008193</subfield>
    <subfield code="r">2017-03-02 00:00:00</subfield>
    <subfield code="t">12</subfield>
    <subfield code="y">LIB</subfield>
  </datafield>
  <datafield tag="952" ind1=" " ind2=" ">
    <subfield code="1">0</subfield>
    <subfield code="2">lcc</subfield>
    <subfield code="4">0</subfield>
    <subfield code="7">1</subfield>
    <subfield code="a">LIC-010</subfield>
    <subfield code="b">LIC-010</subfield>
    <subfield code="c">CONSULTA</subfield>
    <subfield code="d">2017-03-02</subfield>
    <subfield code="f">2a ed.</subfield>
    <subfield code="k">CS</subfield>
    <subfield code="o">RC681 S65 2001</subfield>
    <subfield code="p">BFM000008194</subfield>
    <subfield code="r">2017-03-02 00:00:00</subfield>
    <subfield code="t">13</subfield>
    <subfield code="y">LIB</subfield>
  </datafield>
  <datafield tag="952" ind1=" " ind2=" ">
    <subfield code="1">0</subfield>
    <subfield code="2">lcc</subfield>
    <subfield code="4">0</subfield>
    <subfield code="7">1</subfield>
    <subfield code="a">LIC-010</subfield>
    <subfield code="b">LIC-010</subfield>
    <subfield code="c">CONSULTA</subfield>
    <subfield code="d">2017-03-02</subfield>
    <subfield code="f">2a ed.</subfield>
    <subfield code="k">CS</subfield>
    <subfield code="o">RC681 S65 2001</subfield>
    <subfield code="p">BFM000008195</subfield>
    <subfield code="r">2017-03-02 00:00:00</subfield>
    <subfield code="t">14</subfield>
    <subfield code="y">LIB</subfield>
  </datafield>
  <datafield tag="952" ind1=" " ind2=" ">
    <subfield code="1">0</subfield>
    <subfield code="2">lcc</subfield>
    <subfield code="4">0</subfield>
    <subfield code="7">1</subfield>
    <subfield code="a">LIC-010</subfield>
    <subfield code="b">LIC-010</subfield>
    <subfield code="c">CONSULTA</subfield>
    <subfield code="d">2017-03-03</subfield>
    <subfield code="f">2a ed.</subfield>
    <subfield code="k">CS</subfield>
    <subfield code="o">RC681 S65 2001</subfield>
    <subfield code="p">BFM000008196</subfield>
    <subfield code="r">2017-03-03 00:00:00</subfield>
    <subfield code="t">15</subfield>
    <subfield code="y">LIB</subfield>
  </datafield>
</record>
